| 000 | 00000nam##2200000za#4500 |
| 001 | 9.627816 |
| 003 | CaOODSP |
| 005 | 20210615105407 |
| 007 | ta |
| 008 | 150406|2008||||xxc||||| f|0| 0 fre|d |
| 022 | |a0706-6570 |
| 040 | |aCaOODSP|bfre |
| 043 | |an-cn--- |
| 086 | 1 |aFs97-6/2781F |
| 110 | 1 |aCanada. |bMinistère des pêches et des océans. |
| 245 | 10|aDistribution spatio-temporelle du homard au large de Saint-Godefroi (baie des Chaleurs, Québec) et relation avec les activités de pêche au pétoncle / |c[par] Magalie Hardy, Louise Gendron et Philippe Archambault. |
| 260 | |aMont-Joli - Québec : |bPêches et Océans Canada |c2008. |
| 300 | |ax, 72p. : |bfigures, graphiques, carte, références, tableaux ; |c28 cm. |
| 490 | 1 |aRapport technique canadien des sciences halieutiques et aquatiques|x0706-6570|vN° 2781 |
| 500 | |a«Direction régionale des Sciences, Pêches et Océans Canada, Institut Maurice-Lamontagne, 850 route de la Mer, Mont-Joli (Québec) G5H 3Z4»--Couv. |
| 520 | 3 |aA été entreprise dans le but d’analyser le rôle potentiel des activités de pêche au pétoncle dans les diminutions de rendement de la pêche au homard dans le secteur de Saint-Godefroi (sous-zone de pêche 20B6, baie des Chaleurs, Québec, Canada) depuis la fin des années 1990. |
| 546 | |a(Abstract in English.) |
| 563 | |aCouverture souple |
| 590 | |a08-17|b2008-04-25 |
| 720 | 1 |aArchambault, Philippe |
| 720 | 1 |aGendron, Louise |
| 720 | 1 |aHardy, Magalie |
| 776 | 0#|tDistribution spatio-temporelle du homard au large de Saint-Godefroi (baie des Chaleurs, Québec) et relation avec les activités de pêche au pétoncle / |w(CaOODSP)9.604069 |
| 830 | #0|aRapport technique canadien des sciences halieutiques et aquatiques,|x0706-6570|vN° 2781|w(CaOODSP)9.513015 |